000
00296nam a2200121Ia 4500
008
191201s2016 xx 000 0 und d
100
_a
KARL, Holger
245
0
_a
Protocols and Architectures
260
_a
N. Delhi
_b
Wiley India
_c
2016
300
_a
497
650
_a
M.Tech (ECE)
942
_2
ddc
_c
BK
999
_c
6693
_d
6693